|
|
|
|
| LEADER |
00000cam a2200000 7i4500 |
| 001 |
0000126502 |
| 005 |
20081201.0 |
| 090 |
0 |
0 |
|a 297.1224045
|b TIL
|
| 245 |
0 |
0 |
|a Tilawah Al- Quran Peringkat Antarabangsa Vol. 2 [
|h cd audio] :
|b Himpunan Bacaan Pilihan Johan-Johan
|
| 260 |
|
|
|a Kuala Lumpur :
|b Inteam Records Sdn Bhd ,
|c 2007
|
| 300 |
|
|
|a 2 CD audio (125 minutes)
|
| 500 |
|
|
|a Library has 2 copies
|
| 650 |
0 |
0 |
|a Quran
|x Readings
|
| 650 |
0 |
0 |
|a Quran
|x Recitation
|
| 999 |
|
|
|a AV 21356
|b CD AUDIO
|c PINJAMAN
|e PERPUSTAKAAN KOMUNITI PETALING JAYA
|
| 999 |
|
|
|a AV 21357
|b CD AUDIO
|c PINJAMAN
|e PERPUSTAKAAN KOMUNITI PETALING JAYA
|
| 999 |
|
|
|a AV 21534
|b CD AUDIO
|c PINJAMAN
|e PERPUSTAKAAN KOMUNITI PETALING JAYA
|